| 000 | 00407pab a2200169 454500 | ||
|---|---|---|---|
| 008 | 180718b2004 xxu||||| |||| 00| 0 eng d | ||
| 100 | _aIyengar, Radhika | ||
| 245 | _aWhy do children go to school? | ||
| 260 | _c2004 | ||
| 300 | _ap.2671-672. | ||
| 362 | _a26 Jun | ||
| 650 | _aSchools | ||
| 650 | _aChildren | ||
| 650 | _aSchool children | ||
| 773 | _aEconomic and Political Weekly | ||
| 909 | _a61296 | ||
| 999 |
_c61296 _d61296 |
||